000 01720nam a2200337 c 4500
003 BLK
005 20180422100744.0
008 180408b bul|||||r ||||||| ||bul||
010 _aKNG00044367000
040 _aBLK
041 _aBUL
_cBUL
080 _aПаметници на културата на историческите периоди. Археологическите паметници. Старини
_b904
_x
_z904
080 _aПалеонтология
_b56
_x:636
_z56:636
100 1 _aВъжарова, Живка Николова
_eпърви автор
_9277382
700 1 _aИванов, Стефан
_eсъавт.
_9364137
139 _aВъжарова, Живка Николова
_bВ 90
245 1 0 _aСлавянски и славянобългарски селища в българските земи от края на VI-IX век
_cЖивка Николова Въжарова; съавт. Стефан Иванов.
245 1 0 _aЖивотински костни остатъци от селището в местността Джеджови лозя при с. Попина
_b
_cИванов, Стефан
257 _aBGR
260 София
_bБАН
_c1965
300 _a228 с.
_bс ил., 1 л. ил.
_c37 см
380 _a9
500 _aИзд. на БАН. Археол. инст. и музей. - 800 тир. - Библиогр. с. 189-198 ; Рез. на рус. и нем. ез.
650 4 _aСелища - България - история
_9258443
650 4 _aБългария - старини
_9262139
852 _aЦб ІІ 2556
856 4 _qpdf
_u
856 4 _qpdf
_u
942 _cKNG
_n0
944 _aCR
_c31.08.2016
_kГрета_Цуфелде
944 _aED
_c31.08.2016
_kГрета_Цуфелде
999 _c40878
_d40878